| 000 | 00491 a2200169 4500 | ||
|---|---|---|---|
| 003 | OSt | ||
| 005 | 20230912153917.0 | ||
| 008 | 230912b |||||||| |||| 00| 0 eng d | ||
| 020 | _a9781857443981 | ||
| 040 | _coclc | ||
| 082 |
_a794.122 _bMAR/S |
||
| 100 | 1 |
_aMartin, Andrew, _d1957- _99463 |
|
| 245 |
_aStarting out : the Sicilian dragon / _cAndrew Martin |
||
| 260 |
_bEveryman Chess _c2005. |
||
| 300 | _a208 p | ||
| 942 |
_2ddc _cBK _h794.122 _iMAR/S _k794.122 _mMAR/S |
||
| 999 |
_c42508 _d42508 |
||